[Event "Sparkassen-Open A"]
[Site "Heusenstamm, Martinsee"]
[Date "2025.11.21"]
[Round "3.86"]
[White "Büse, Ralf"]
[Black "Schellen, Sven"]
[Result "1-0"]
[WhiteElo "1923"]
[BlackElo "1822"]
[PlyCount "39"]
[EventDate "2025.11.20"]
[WhiteTeam "SC Ladja Roßdorf"]
[BlackTeam "SV Frankfurt Nord 1926"]

1. d4 d5 2. Bf4 Nf6 3. e3 g6 4. h3 Nbd7 5. Nf3 c5 6. c3 c4 7. b3 b5 8. a4 b4 9. bxc4 bxc3 10. c5 Qa5 11. Qc2 Ne4 12. Bd3 e5 13. Nxe5 Nxe5 14. Bxe5 f6 15. Bxe4 fxe5 16. Bxd5 Rb8 17. O-O Bg7 18. Nxc3 exd4 19. exd4 Bxd4 20. Qe4+ 1-0

[Event "Sparkassen-Open A"]
[Site "Heusenstamm, Martinsee"]
[Date "2025.11.21"]
[Round "3.87"]
[White "Feick, Claas Marten"]
[Black "Mehlen, Theodor"]
[Result "1-0"]
[WhiteElo "1904"]
[BlackElo "1807"]
[PlyCount "61"]
[EventDate "2025.11.20"]
[WhiteTeam "SF Neuberg"]
[BlackTeam "SC Matt im Park Ffm"]

1. e4 c5 2. c3 e6 3. d4 d5 4. e5 Nc6 5. Nf3 Bd7 6. a3 c4 7. Nbd2 Na5 8. a4 Bc6 9. b4 cxb3 10. Nxb3 Nxb3 11. Qxb3 Qd7 12. Bd3 Ne7 13. h4 f6 14. Qc2 f5 15. O-O Nc8 16. Re1 g6 17. h5 Be7 18. Bh6 Bf8 19. Qd2 Nb6 20. Bxf8 Rxf8 21. a5 Nc4 22. Qh6 O-O-O 23. Ng5 Rg8 24. Nxh7 Qg7 25. Qxg7 Rxg7 26. Ng5 Rh8 27. Nxe6 Rgh7 28. Nf4 Nb2 29. Bc2 Be8 30. f3 Rh6 31. Nxg6 1-0

[Event "Sparkassen-Open A"]
[Site "Heusenstamm, Martinsee"]
[Date "2025.11.21"]
[Round "3.88"]
[White "Michalski, Uwe"]
[Black "Fischermann, Simon"]
[Result "1/2-1/2"]
[WhiteElo "1800"]
[BlackElo "1916"]
[PlyCount "41"]
[EventDate "2025.11.20"]
[WhiteTeam "Sfr.Mainz 1928"]
[BlackTeam "SG Porz e. V."]

1. e4 e5 2. Bc4 Nc6 3. d3 h6 4. f4 d6 5. Nc3 Nf6 6. f5 Ne7 7. Bd2 d5 8. Bb3 dxe4 9. dxe4 Nc6 10. Nf3 Bc5 11. Qe2 Qe7 12. O-O-O Nd4 13. Nxd4 exd4 14. Nd5 Nxd5 15. Bxd5 c6 16. Bc4 b5 17. Bd3 Bd6 18. g4 Bd7 19. h4 O-O-O 20. Ba5 Rde8 21. Rh3 1/2-1/2

[Event "Sparkassen-Open A"]
[Site "Heusenstamm, Martinsee"]
[Date "2025.11.21"]
[Round "3.89"]
[White "Müller, Maximilian"]
[Black "Rüll, Michael"]
[Result "1-0"]
[WhiteElo "1989"]
[BlackElo "1785"]
[PlyCount "47"]
[EventDate "2025.11.20"]
[WhiteTeam "SVG Saarbrücken 1970 e.V."]
[BlackTeam "SC 1952 Obertshausen"]

1. e4 c5 2. Nf3 Nc6 3. Bb5 g6 4. O-O Bg7 5. Re1 Nf6 6. e5 Nd5 7. Nc3 Nc7 8. Bxc6 dxc6 9. Ne4 O-O 10. Nxc5 Qd5 11. d4 b6 12. Nd3 Bg4 13. c3 f6 14. exf6 Rxf6 15. Nde5 Bxf3 16. Nxf3 Raf8 17. Rxe7 Ne6 18. Qb3 Qd6 19. Rxa7 Kh8 20. Bd2 Nf4 21. Bxf4 Qxf4 22. Qxb6 Qg4 23. Qc7 R8f7 24. Qxf7 1-0

[Event "Sparkassen-Open A"]
[Site "Heusenstamm, Martinsee"]
[Date "2025.11.21"]
[Round "3.90"]
[White "Blomer, Moritz"]
[Black "Senatov, Boris"]
[Result "1-0"]
[WhiteElo "1962"]
[BlackElo "1880"]
[PlyCount "47"]
[EventDate "2025.11.20"]
[WhiteTeam "SG Porz e. V."]
[BlackTeam "SC Heusenstamm"]

1. Nf3 Nf6 2. g3 d5 3. Bg2 c5 4. O-O Nc6 5. d4 e6 6. c4 Be7 7. cxd5 exd5 8. Nc3 O-O 9. dxc5 Bxc5 10. Bg5 Be6 11. Rc1 Be7 12. Nd4 Qb6 13. Nxc6 bxc6 14. Na4 Qb5 15. Qc2 h6 16. Be3 Rfc8 17. Bc5 Bd8 18. Bd4 a5 19. Rfd1 Rab8 20. Nc5 Bg4 21. Bf1 Nd7 22. e3 Bxd1 23. Qxd1 Qb4 24. a3 1-0

[Event "Sparkassen-Open A"]
[Site "Heusenstamm, Martinsee"]
[Date "2025.11.21"]
[Round "3.91"]
[White "Trumpp, Lothar"]
[Black "Winand, Edgar"]
[Result "1-0"]
[WhiteElo "1938"]
[BlackElo "1876"]
[PlyCount "65"]
[EventDate "2025.11.20"]
[WhiteTeam "VSG 1880 Offenbach"]
[BlackTeam "SVKT Bad Camberg 2025"]

1. b3 Nf6 2. Bb2 g6 3. Bxf6 exf6 4. c4 Bg7 5. Nc3 O-O 6. Rc1 d6 7. g3 f5 8. Bg2 Nc6 9. e3 Re8 10. Nge2 Rb8 11. O-O Bd7 12. d3 h5 13. h4 Ne5 14. Nf4 Ng4 15. Re1 c6 16. b4 Qb6 17. a3 Re7 18. d4 Qa6 19. a4 Rbe8 20. Qd2 Bh6 21. Bf3 Qb6 22. b5 Nf6 23. a5 Qxa5 24. Ra1 Qd8 25. Rxa7 Bxf4 26. gxf4 Ne4 27. Bxe4 fxe4 28. Rxb7 Bg4 29. Rxe7 Qxe7 30. Qb2 cxb5 31. Nd5 Qe6 32. Qa3 Rc8 33. f5 1-0

[Event "Sparkassen-Open A"]
[Site "Heusenstamm, Martinsee"]
[Date "2025.11.21"]
[Round "3.92"]
[White "Moors, Christoph"]
[Black "Hasenpflug, Till"]
[Result "0-1"]
[WhiteElo "1908"]
[BlackElo "1868"]
[PlyCount "54"]
[EventDate "2025.11.20"]
[WhiteTeam "SC Erkrath 1973"]
[BlackTeam "SK Bad Homburg 1927"]

1. d4 Nf6 2. c4 g6 3. Nc3 d5 4. cxd5 Nxd5 5. e4 Nxc3 6. bxc3 Bg7 7. Qa4+ Qd7 8. Qa3 O-O 9. Nf3 Re8 10. Be3 b6 11. Qb3 Bb7 12. Bb5 c6 13. Bd3 e5 14. O-O exd4 15. cxd4 Na6 16. Rad1 Nc7 17. Ne5 Bxe5 18. dxe5 Qe7 19. f4 c5 20. f5 Rad8 21. fxg6 hxg6 22. Rf6 Bxe4 23. Bc4 Rxd1+ 24. Qxd1 Qxe5 25. Bxf7+ Kg7 26. Bxe8 Kxf6 27. Qd8+ Kg7 0-1

[Event "Sparkassen-Open A"]
[Site "Heusenstamm, Martinsee"]
[Date "2025.11.21"]
[Round "3.93"]
[White "Bernhart, Joseph"]
[Black "Ellsiepen, Luca"]
[Result "1-0"]
[WhiteElo "1932"]
[BlackElo "1866"]
[PlyCount "75"]
[EventDate "2025.11.20"]
[WhiteTeam "SK Kaiserslautern 1905"]
[BlackTeam "SK Marburg 1931/72"]

1. d4 d5 2. Bf4 c5 3. e3 Nc6 4. c3 e6 5. Nf3 Bd6 6. Bg3 Nge7 7. Nbd2 cxd4 8. exd4 f6 9. Bd3 O-O 10. O-O Bxg3 11. hxg3 e5 12. dxe5 fxe5 13. Bc2 Bg4 14. Bxh7+ Kh8 15. Bb1 e4 16. Qc2 Rc8 17. Nh2 Be2 18. Nxe4 Nd4 19. Qd2 dxe4 20. cxd4 Bxf1 21. Nxf1 Nc6 22. d5 Ne5 23. Bxe4 Nc4 24. Qe2 Qg5 25. b3 Nd6 26. Bf3 Rfe8 27. Qd3 Qf6 28. Rd1 Nf7 29. d6 Ne5 30. Qd5 Nxf3+ 31. gxf3 Rcd8 32. Ne3 Re5 33. Qxb7 Qe6 34. Kg2 Rxe3 35. fxe3 Qxe3 36. Rh1+ Kg8 37. Qd5+ Kf8 38. Rh8# 1-0

[Event "Sparkassen-Open A"]
[Site "Heusenstamm, Martinsee"]
[Date "2025.11.21"]
[Round "3.94"]
[White "Brehme, Ralf-Peter"]
[Black "Kulenovic, Adnan"]
[Result "0-1"]
[WhiteElo "1923"]
[BlackElo "1854"]
[PlyCount "50"]
[EventDate "2025.11.20"]
[WhiteTeam "Vorw.Orient Mainz"]
[BlackTeam "Spielgemeinschaft Kinzigtal"]

1. f4 e5 2. fxe5 d6 3. exd6 Bxd6 4. Nf3 Nh6 5. g3 Ng4 6. d3 Nxh2 7. Rxh2 Bxg3+ 8. Rf2 h5 9. Bg5 Bxf2+ 10. Kxf2 f6 11. Bd2 h4 12. Nc3 g5 13. Ne4 g4 14. Bc3 Nd7 15. Nfg5 Qe7 16. Nd2 Qc5+ 17. e3 Qxg5 18. Ne4 g3+ 19. Kg1 Qxe3+ 20. Kh1 h3 21. Qg4 g2+ 22. Bxg2 hxg2+ 23. Kxg2 Ne5 24. Nxf6+ Kf7 25. Rf1 Qh3+ 0-1

[Event "Sparkassen-Open A"]
[Site "Heusenstamm, Martinsee"]
[Date "2025.11.21"]
[Round "3.95"]
[White "Kessler, Georg"]
[Black "Nickel, Jonas"]
[Result "0-1"]
[WhiteElo "1876"]
[BlackElo "1919"]
[PlyCount "60"]
[EventDate "2025.11.20"]
[WhiteTeam "SC Sulzbach-Rosenberg"]
[BlackTeam "Schachdrachen Büdingen-Wächtersb"]

1. Nf3 d5 2. c4 c6 3. d4 e6 4. Nc3 dxc4 5. a4 Bb4 6. e3 b5 7. Bd2 a5 8. axb5 Bxc3 9. Bxc3 cxb5 10. b3 Bb7 11. bxc4 b4 12. Bb2 Nf6 13. Bd3 O-O 14. O-O Qc7 15. Qc2 Nbd7 16. e4 b3 17. Qxb3 Nxe4 18. Rfe1 Nef6 19. Qc2 h6 20. Bc3 Rfc8 21. Qd2 a4 22. Reb1 Bd5 23. cxd5 Qxc3 24. dxe6 fxe6 25. Qe3 Kf7 26. Ne5+ Nxe5 27. dxe5 Nd5 28. Rb7+ Kg8 29. Qe1 Qxd3 30. Rd1 Qa6 0-1

[Event "Sparkassen-Open A"]
[Site "Heusenstamm, Martinsee"]
[Date "2025.11.21"]
[Round "3.96"]
[White "Karaissaridis, Christos"]
[Black "Klebs, Sebastian"]
[Result "1-0"]
[WhiteElo "1909"]
[BlackElo "1845"]
[PlyCount "89"]
[EventDate "2025.11.20"]
[WhiteTeam "SK 1947 Sandhausen e.V."]
[BlackTeam "Karlsruher SF 1853"]

1. d4 d5 2. c4 c6 3. Nf3 e6 4. g3 f5 5. Bg2 Nf6 6. O-O Bd6 7. b3 Qe7 8. Bb2 Nbd7 9. Nc3 O-O 10. a4 a5 11. c5 Bc7 12. Ba3 Ne4 13. Qc2 e5 14. Nxd5 cxd5 15. c6 Ndc5 16. cxb7 Bxb7 17. dxc5 Bc6 18. Nd2 Nf6 19. Nc4 Qe6 20. Nd6 e4 21. e3 Ng4 22. Nb5 Be5 23. Rad1 Rab8 24. Nd4 Bxd4 25. Rxd4 Ne5 26. Rb1 Qh6 27. Qd1 Rfd8 28. h3 g5 29. Qe2 Nd3 30. Bf1 Kf7 31. Qd1 Ne5 32. Bg2 Ke6 33. Qe2 Nd3 34. Qc2 f4 35. exf4 gxf4 36. Bc1 Qg7 37. Rxd3 exd3 38. Qxd3 fxg3 39. fxg3 Rb4 40. Bb2 Qf7 41. Rf1 Qh5 42. g4 Qg5 43. Rf6+ Qxf6 44. Bxf6 Kxf6 45. Qa6 1-0

[Event "Sparkassen-Open A"]
[Site "Heusenstamm, Martinsee"]
[Date "2025.11.21"]
[Round "3.97"]
[White "Eitel, Luc"]
[Black "Fang, Borui"]
[Result "0-1"]
[WhiteElo "1855"]
[BlackElo "1902"]
[PlyCount "63"]
[EventDate "2025.11.20"]
[WhiteTeam "SAbt SV Werder Bremen"]
[BlackTeam "SV Oberursel"]

1. e4 e5 2. Nf3 Nc6 3. Bc4 Nf6 4. d3 Bc5 5. O-O d6 6. c3 a6 7. a4 O-O 8. Re1 Be6 9. Nbd2 Ba7 10. Bxe6 fxe6 11. Qb3 Qd7 12. Nc4 Kh8 13. Be3 Bxe3 14. Nxe3 Nh5 15. d4 exd4 16. Nxd4 Nd8 17. Rad1 Qf7 18. Rd2 Qg6 19. Qc2 Nf7 20. e5 Qxc2 21. Nexc2 Nxe5 22. Nxe6 Rf7 23. Ned4 h6 24. Nb3 Re8 25. Ncd4 Ree7 26. Rf1 Nc4 27. Rc2 c5 28. Nf3 Re2 29. Nbd2 Nf4 30. b3 Nb6 31. c4 Nd7 32. Rc3 0-1

[Event "Sparkassen-Open A"]
[Site "Heusenstamm, Martinsee"]
[Date "2025.11.21"]
[Round "3.98"]
[White "Marchese, Gaspare"]
[Black "Arne, Jonas"]
[Result "1/2-1/2"]
[WhiteElo "1844"]
[BlackElo "1896"]
[PlyCount "74"]
[EventDate "2025.11.20"]
[WhiteTeam "SC Matt im Park Ffm"]
[BlackTeam "SK Kaiserslautern 1905"]

1. e4 c5 2. a3 e6 3. b4 b6 4. bxc5 bxc5 5. Nf3 Bb7 6. Nc3 Nc6 7. Bc4 Nf6 8. d3 d6 9. O-O Be7 10. Re1 Nd7 11. Rb1 Rb8 12. Bf4 O-O 13. h3 a6 14. Bc1 Bf6 15. Ne2 Re8 16. Ng3 Nce5 17. Nxe5 Nxe5 18. Ba2 Nc6 19. Ne2 Nd4 20. Nxd4 cxd4 21. Bd2 Qc7 22. Bb3 Rec8 23. Qg4 a5 24. a4 Bc6 25. h4 Qd7 26. Ra1 Ra8 27. h5 e5 28. Qg3 d5 29. f3 Qe7 30. exd5 Bb7 31. Re4 Rd8 32. Bh6 Bxd5 33. Bxd5 Rxd5 34. Bxg7 Bxg7 35. h6 Qf6 36. hxg7 Rc8 37. Rae1 Rxc2 1/2-1/2

[Event "Sparkassen-Open A"]
[Site "Heusenstamm, Martinsee"]
[Date "2025.11.21"]
[Round "3.99"]
[White "Liu, Jonas"]
[Black "Werner, Tom"]
[Result "1-0"]
[WhiteElo "1836"]
[BlackElo "1895"]
[PlyCount "55"]
[EventDate "2025.11.20"]
[WhiteTeam "SV Oberursel"]
[BlackTeam "VSG 1880 Offenbach"]

1. e4 e6 2. d4 d5 3. e5 c5 4. c3 Nc6 5. Nf3 Bd7 6. Be2 Nge7 7. Na3 a6 8. Nc2 b5 9. O-O Nf5 10. Bd3 Be7 11. Kh1 cxd4 12. cxd4 Nh4 13. Nxh4 Bxh4 14. f4 Qb6 15. g4 Be7 16. f5 b4 17. Be3 O-O-O 18. Qe2 Kb7 19. a3 b3 20. Nb4 Bxb4 21. axb4 Nxb4 22. fxe6 Bxe6 23. Ra3 Rc8 24. Rxb3 a5 25. Ra1 Ra8 26. Bd2 Qxd4 27. Rxa5 Bxg4 28. Qf1 1-0

[Event "Sparkassen-Open A"]
[Site "Heusenstamm, Martinsee"]
[Date "2025.11.21"]
[Round "3.100"]
[White "Diehl, Stefan"]
[Black "Kirchmann, Sascha"]
[Result "0-1"]
[WhiteElo "1832"]
[BlackElo "1890"]
[PlyCount "60"]
[EventDate "2025.11.20"]
[WhiteTeam "SC 1910 Höchst"]
[BlackTeam "SAbt SU Mühlheim"]

1. f4 d5 2. Nf3 Nf6 3. e3 e6 4. b3 Be7 5. Bb2 O-O 6. Be2 c5 7. O-O Nc6 8. Qe1 Nd7 9. Qg3 Bf6 10. Ne5 Qc7 11. d4 cxd4 12. exd4 Qb6 13. Nxc6 bxc6 14. c3 c5 15. dxc5 Nxc5 16. Kh1 Ne4 17. Qe1 Bb7 18. Bd3 Rac8 19. Bxe4 dxe4 20. Nd2 Bxc3 21. Bxc3 Rxc3 22. Nc4 Qd4 23. Rf2 Ba6 24. Rd1 Rd3 25. Rc1 Bxc4 26. bxc4 e3 27. Rf1 Rd2 28. h3 e2 29. Rg1 Rxa2 30. g3 Rd8 0-1

[Event "Sparkassen-Open A"]
[Site "Heusenstamm, Martinsee"]
[Date "2025.11.21"]
[Round "3.101"]
[White "Lotz, Ralf"]
[Black "Einsfeld, Ben"]
[Result "1-0"]
[WhiteElo "1889"]
[BlackElo "1815"]
[PlyCount "107"]
[EventDate "2025.11.20"]
[WhiteTeam "SC 1952 Obertshausen"]
[BlackTeam "Sfr.Mainz 1928"]

1. d4 Nf6 2. Nf3 g6 3. g3 Bg7 4. Bg2 O-O 5. O-O d5 6. b3 e6 7. Bb2 Nbd7 8. c4 c6 9. Nbd2 b6 10. Re1 Bb7 11. Rc1 Rc8 12. cxd5 cxd5 13. e3 Nb8 14. Rxc8 Qxc8 15. Ne5 Nfd7 16. Nxd7 Qxd7 17. Nf3 Rc8 18. Qd2 Nc6 19. Rc1 Ne7 20. Rxc8+ Qxc8 21. Qc3 Qxc3 22. Bxc3 Kf8 23. Bb4 Ke8 24. Bf1 h6 25. Bd3 Nc6 26. Bc3 Kd7 27. Kf1 a6 28. Ke1 Bf8 29. Ne5+ Nxe5 30. dxe5 Kc6 31. b4 Kc7 32. Kd2 Bc6 33. a3 Ba4 34. g4 Kc6 35. h4 Bb5 36. Bc2 Bc4 37. h5 gxh5 38. gxh5 Kd7 39. Bh7 Bg7 40. Bg8 Ke7 41. Bd4 b5 42. Bc5+ Ke8 43. f4 Bf8 44. Bd4 Be7 45. Bh7 Kf8 46. Bd3 Kg7 47. e4 f6 48. exf6+ Bxf6 49. e5 Bh4 50. Bg6 Bd8 51. Kc2 a5 52. bxa5 Bxa5 53. f5 exf5 54. e6+ 1-0

[Event "Sparkassen-Open A"]
[Site "Heusenstamm, Martinsee"]
[Date "2025.11.21"]
[Round "3.102"]
[White "Janknecht, Eckart"]
[Black "Voss, Georg"]
[Result "1/2-1/2"]
[WhiteElo "1823"]
[BlackElo "1886"]
[PlyCount "105"]
[EventDate "2025.11.20"]
[WhiteTeam "Kölner SK Dr. Lasker 186"]
[BlackTeam "SV Meschede e. V."]

1. e4 c5 2. Na3 g6 3. Nf3 Bg7 4. c3 a6 5. d3 b5 6. Nc2 Bb7 7. Be2 d6 8. O-O Nd7 9. Be3 Rc8 10. a3 e6 11. Re1 Ne7 12. Qd2 h6 13. Rad1 g5 14. h3 Ng6 15. Nh2 e5 16. Nf1 O-O 17. Ng3 Nf4 18. Bxf4 exf4 19. Nf5 Qf6 20. Bg4 Rcd8 21. d4 Nb6 22. Qe2 Rfe8 23. Bf3 Bc8 24. Nxg7 Qxg7 25. Qf1 Be6 26. d5 Bc8 27. Qd3 Nc4 28. Rb1 Ne5 29. Qd1 g4 30. hxg4 Bxg4 31. Bxg4 Nxg4 32. f3 Ne5 33. Rf1 Kh8 34. Rf2 Rg8 35. Kf1 Qf6 36. Ke2 Rg6 37. Qh1 Rdg8 38. Qh2 a5 39. Rh1 Kh7 40. Ne1 b4 41. Nd3 Nxd3 42. Kxd3 bxc3 43. bxc3 c4+ 44. Kc2 Rb8 45. Qh4 Rg5 46. Rd1 Qe5 47. Rh1 Rg6 48. Rd1 Qe8 49. Qxf4 Qa4+ 50. Kd2 Rb2+ 51. Ke1 Rxf2 52. Qxf7+ Rg7 53. Qf5+ 1/2-1/2

[Event "Sparkassen-Open A"]
[Site "Heusenstamm, Martinsee"]
[Date "2025.11.21"]
[Round "3.103"]
[White "Faßler, Felix"]
[Black "Nguyen, Minh An"]
[Result "1/2-1/2"]
[WhiteElo "1859"]
[BlackElo "1768"]
[PlyCount "137"]
[EventDate "2025.11.20"]
[WhiteTeam "SC Fulda"]
[BlackTeam "SV 1920 Hofheim"]

1. Nf3 Nf6 2. g3 g6 3. b3 Bg7 4. Bb2 d6 5. d4 O-O 6. Bg2 c6 7. O-O Qc7 8. Nbd2 Nbd7 9. e4 e5 10. c4 b6 11. d5 c5 12. Ne1 Ba6 13. Nd3 b5 14. Qc2 bxc4 15. Nxc4 Nb6 16. Rfe1 Nfd7 17. Nd2 f5 18. f3 Bh6 19. Bf1 Qb7 20. Nc4 Nxc4 21. bxc4 Nb6 22. Nf2 f4 23. g4 Bg5 24. Rab1 Qd7 25. Ra1 Rab8 26. Reb1 Rb7 27. a4 Rfb8 28. Bc1 Bh4 29. a5 Nc8 30. Rxb7 Qxb7 31. Qa4 Ne7 32. Bd3 Qb4 33. Qc2 Nc8 34. Nd1 Bd8 35. Nc3 Qb3 36. Qd2 Qb7 37. Rb1 Qc7 38. Rxb8 Qxb8 39. Nb5 Bxb5 40. cxb5 Qc7 41. a6 c4 42. Bf1 Qc5+ 43. Kg2 Qxb5 44. Qa2 Nb6 45. Bd2 Qb3 46. Qa5 Qa4 47. Qxa4 Nxa4 48. Bxc4 Bb6 49. h4 Bc5 50. g5 Nb6 51. Bb5 Kg7 52. Kh3 h6 53. gxh6+ Kxh6 54. Kg4 Na8 55. Ba5 Nb6 56. Be8 Nc4 57. Bd8 Ne3+ 58. Kh3 Kg7 59. h5 gxh5 60. Bxh5 Kh6 61. Be8 Nc2 62. Bh4 Bb6 63. Bd7 Bc5 64. Bg4 Ne3 65. Bd8 Nc4 66. Bc7 Ne3 67. Bc8 Nc2 68. Ba5 Ne3 69. Bg4 1/2-1/2

[Event "Sparkassen-Open A"]
[Site "Heusenstamm, Martinsee"]
[Date "2025.11.22"]
[Round "5.1"]
[White "Bagrationi, Alexander"]
[Black "Chassard, Cedric"]
[Result "1-0"]
[WhiteElo "2415"]
[BlackElo "2276"]
[PlyCount "55"]
[EventDate "2025.11.20"]
[WhiteTeam "SV Hemer 1932 e. V."]
[BlackTeam "TSV Schott Mainz"]

1. e4 e5 2. Nf3 Nc6 3. Bb5 a6 4. Ba4 Nge7 5. O-O Ng6 6. d4 exd4 7. Nxd4 Nxd4 8. Qxd4 b5 9. Bb3 Bb7 10. Qc3 Qe7 11. Qxc7 Qxe4 12. Qg3 Bd6 13. Nc3 Qe5 14. Rd1 Qxg3 15. hxg3 Be7 16. Nd5 Bxd5 17. Rxd5 d6 18. a4 O-O 19. f4 Rfc8 20. axb5 axb5 21. Rxa8 Rxa8 22. Kf2 Ra1 23. Be3 Rb1 24. Rxb5 Bf6 25. Rb8+ Nf8 26. Rb7 Ne6 27. f5 Nd8 28. Rb8 1-0

[Event "Sparkassen-Open A"]
[Site "Heusenstamm, Martinsee"]
[Date "2025.11.22"]
[Round "5.2"]
[White "Hinrichs, Paul"]
[Black "Stork, Oliver"]
[Result "1/2-1/2"]
[WhiteElo "2309"]
[BlackElo "2347"]
[PlyCount "25"]
[EventDate "2025.11.20"]
[WhiteTeam "Sfr.Heidesheim"]
[BlackTeam "Klub Kölner SF e. V."]

1. d4 Nf6 2. c4 g6 3. Nc3 Bg7 4. e4 d6 5. Be2 O-O 6. Be3 c5 7. e5 Nfd7 8. exd6 exd6 9. Nf3 Nc6 10. dxc5 dxc5 11. O-O b6 12. Bg5 Nf6 13. Nd5 1/2-1/2

[Event "Sparkassen-Open A"]
[Site "Heusenstamm, Martinsee"]
[Date "2025.11.22"]
[Round "5.3"]
[White "Pajeken, Jakob Leon"]
[Black "Kersten, Uwe"]
[Result "1/2-1/2"]
[WhiteElo "2467"]
[BlackElo "2178"]
[PlyCount "67"]
[EventDate "2025.11.20"]
[WhiteTeam "SK Doppelbauer Kiel von 1910 e.V"]
[BlackTeam "Kasseler SK 1876"]

1. Nf3 Nf6 2. c4 c5 3. Nc3 g6 4. g3 b6 5. Bg2 Bb7 6. d4 cxd4 7. Qxd4 Bg7 8. O-O d6 9. Rd1 Nbd7 10. b3 Rc8 11. Bb2 O-O 12. Rac1 a6 13. Qd3 Rc5 14. h3 Qa8 15. Qe3 Qd8 16. Ba3 Rc8 17. Nd4 Bxg2 18. Kxg2 Re8 19. Nd5 e6 20. Nxf6+ Nxf6 21. Nf3 d5 22. Bb2 Nd7 23. Bxg7 Kxg7 24. Rd4 Nf6 25. Rh4 h5 26. Qe5 Qc7 27. Rxh5 Qxe5 28. Rxe5 b5 29. Re3 dxc4 30. bxc4 Nd5 31. Re4 Nb6 32. Nd2 Red8 33. Rc2 Rc5 34. Kf3 1/2-1/2

[Event "Sparkassen-Open A"]
[Site "Heusenstamm, Martinsee"]
[Date "2025.11.22"]
[Round "5.4"]
[White "Mester, Philipp"]
[Black "Poetsch, Hagen"]
[Result "0-1"]
[WhiteElo "2285"]
[BlackElo "2456"]
[PlyCount "64"]
[EventDate "2025.11.20"]
[WhiteTeam "SVG CAISSA Kassel"]
[BlackTeam "SC Heusenstamm"]

1. d4 Nf6 2. c4 e6 3. Nc3 Bb4 4. e3 b6 5. Bd2 Bb7 6. Nf3 O-O 7. Bd3 c5 8. a3 Bxc3 9. Bxc3 cxd4 10. Bxd4 d6 11. Bc3 Nbd7 12. O-O Nc5 13. Be2 Nfe4 14. Be1 Qf6 15. b4 Na4 16. Rc1 Nac3 17. Qc2 Nxe2+ 18. Qxe2 Rfc8 19. Rc2 d5 20. Nd4 e5 21. Nb3 Qe6 22. Nd2 dxc4 23. Rxc4 Ba6 24. b5 Rxc4 25. bxa6 Nxd2 26. Bxd2 Rc2 27. Qd3 Qc4 28. Qd6 Qc7 29. Bb4 Qxd6 30. Bxd6 f6 31. f4 e4 32. Bb4 Rac8 0-1

[Event "Sparkassen-Open A"]
[Site "Heusenstamm, Martinsee"]
[Date "2025.11.22"]
[Round "5.5"]
[White "Feldmann, Johannes"]
[Black "Karsay, Pascal"]
[Result "1/2-1/2"]
[WhiteElo "2175"]
[BlackElo "2401"]
[PlyCount "58"]
[EventDate "2025.11.20"]
[WhiteTeam "SV Worms 1878"]
[BlackTeam "SV Worms 1878"]

1. c4 Nf6 2. Nc3 c5 3. Nf3 Nc6 4. g3 e6 5. Bg2 Qb6 6. O-O Be7 7. b3 O-O 8. Bb2 d5 9. cxd5 Nxd5 10. Nxd5 exd5 11. d4 c4 12. Bc3 cxb3 13. Qxb3 Qxb3 14. axb3 Be6 15. Rfc1 Rfc8 16. e3 Rc7 17. Ba5 Rcc8 18. Bd2 a5 19. Bf1 b6 20. Ne1 Nb4 21. Nd3 Nxd3 22. Bxd3 g6 23. Kf1 h5 24. h4 Kf8 25. Ke2 Bd6 26. Rxc8+ Rxc8 27. b4 axb4 28. Rb1 Bg4+ 29. Ke1 Ra8 1/2-1/2

[Event "Sparkassen-Open A"]
[Site "Heusenstamm, Martinsee"]
[Date "2025.11.22"]
[Round "5.6"]
[White "Sydykov, Bayastan"]
[Black "Baranyai-Molnar, Adam"]
[Result "1/2-1/2"]
[WhiteElo "2354"]
[BlackElo "2227"]
[PlyCount "80"]
[EventDate "2025.11.20"]
[WhiteTeam "SC Viernheim 1934 e.V."]
[BlackTeam "SF Neuberg"]

1. e4 c5 2. Nf3 e6 3. d4 cxd4 4. Nxd4 a6 5. Bd3 Bc5 6. Nb3 Ba7 7. Qe2 Nc6 8. Be3 d6 9. O-O Nf6 10. c4 O-O 11. Nc3 Ne5 12. h3 Bxe3 13. Qxe3 Qc7 14. Rfd1 b6 15. Rac1 Bb7 16. Nd4 Rac8 17. b3 Nxd3 18. Rxd3 Rfd8 19. Rcd1 h6 20. Nde2 Rd7 21. Ng3 Bc6 22. a4 Bb7 23. Nce2 Rcd8 24. Nd4 Qc5 25. Rc1 Rc7 26. Rcd1 Rcc8 27. f3 Kf8 28. Kf2 Nd7 29. Nge2 Qe5 30. Nc2 Nc5 31. Rd4 g5 32. Kg1 Ke7 33. Nc1 Qf4 34. Qxf4 gxf4 35. R4d2 Rd7 36. Nb4 Rg8 37. Nbd3 e5 38. Nxc5 bxc5 39. Nd3 Bc6 40. Kf1 Rb8 1/2-1/2

[Event "Sparkassen-Open A"]
[Site "Heusenstamm, Martinsee"]
[Date "2025.11.22"]
[Round "5.7"]
[White "Hoppstädter, Daniel"]
[Black "Hagner, Bennet"]
[Result "1/2-1/2"]
[WhiteElo "2214"]
[BlackElo "2461"]
[PlyCount "57"]
[EventDate "2025.11.20"]
[WhiteTeam "SV 1926 Riegelsberg"]
[BlackTeam "OSG Baden-Baden"]

1. d4 Nf6 2. Bg5 e6 3. Nf3 h6 4. Bxf6 Qxf6 5. e4 d6 6. Nbd2 Nc6 7. c3 g5 8. Bd3 Bg7 9. O-O a5 10. a4 O-O 11. Qe2 Bd7 12. Nc4 Qe7 13. Rfe1 Rae8 14. Bc2 g4 15. Nfd2 h5 16. Qd3 f6 17. f4 e5 18. d5 Nd8 19. f5 b6 20. b4 axb4 21. cxb4 Bh6 22. Nb3 Nf7 23. b5 Ra8 24. Nb2 Kh7 25. Qc3 Ra7 26. Nd3 Rfa8 27. Qc4 Nd8 28. Nbc1 Nb7 29. Na2 1/2-1/2

[Event "Sparkassen-Open A"]
[Site "Heusenstamm, Martinsee"]
[Date "2025.11.22"]
[Round "5.8"]
[White "Hacker, Jonas"]
[Black "Commercon, Simon"]
[Result "1/2-1/2"]
[WhiteElo "2352"]
[BlackElo "2198"]
[PlyCount "24"]
[EventDate "2025.11.20"]
[WhiteTeam "SC Eppingen"]
[BlackTeam "SK Kaiserslautern 1905"]

1. d4 Nf6 2. c4 e6 3. Nc3 d5 4. Nf3 c6 5. e3 Nbd7 6. Be2 Bd6 7. O-O O-O 8. b3 Ne4 9. Bb2 f5 10. a4 Rf6 11. g3 Rh6 12. a5 Bb4 1/2-1/2

[Event "Sparkassen-Open A"]
[Site "Heusenstamm, Martinsee"]
[Date "2025.11.22"]
[Round "5.9"]
[White "Schwarz, David"]
[Black "Smith, Bryan"]
[Result "0-1"]
[WhiteElo "2123"]
[BlackElo "2365"]
[PlyCount "42"]
[EventDate "2025.11.20"]
[WhiteTeam "SF Birkenfeld"]
[BlackTeam "TSV Schönaich"]

1. d4 Nf6 2. Nf3 e6 3. Bf4 b6 4. e3 Bb7 5. Nbd2 d6 6. c3 Be7 7. h4 c5 8. Bd3 Nc6 9. h5 e5 10. Bg3 cxd4 11. exd4 exd4 12. cxd4 O-O 13. Nb3 Nb4 14. Be2 Rc8 15. Kf1 Ne4 16. Bh4 Bxh4 17. Rxh4 Nxf2 18. Kxf2 Bxf3 19. Rh3 Bxe2 20. Kxe2 Qg5 21. Kf1 Nc2 0-1

[Event "Sparkassen-Open A"]
[Site "Heusenstamm, Martinsee"]
[Date "2025.11.22"]
[Round "5.10"]
[White "Spiric, Igor"]
[Black "Hourigan, Gerrit"]
[Result "1/2-1/2"]
[WhiteElo "2174"]
[BlackElo "2279"]
[PlyCount "106"]
[EventDate "2025.11.20"]
[WhiteTeam "SC Diogenes e.V."]
[BlackTeam "SF Hamburg e.V. 1934"]

1. d4 Nf6 2. c4 e6 3. Nf3 d5 4. g3 Bb4+ 5. Bd2 Be7 6. Bg2 O-O 7. Qc2 c6 8. O-O Nbd7 9. b4 Ne4 10. Be1 f5 11. Ne5 Nxe5 12. dxe5 Qb6 13. c5 Qc7 14. Qb2 b6 15. h4 bxc5 16. f3 cxb4 17. fxe4 fxe4 18. Rxf8+ Bxf8 19. Bf2 c5 20. a3 Rb8 21. axb4 Rxb4 22. Qc1 Qxe5 23. Rxa7 Qb8 24. Ra1 Bd6 25. Nd2 c4 26. Qc3 e5 27. Bxe4 dxe4 28. Nxc4 Qc7 29. Rc1 Be7 30. Qxe5 Qxe5 31. Nxe5 Bb7 32. Bc5 Bxc5+ 33. Rxc5 Rb2 34. Kf2 Ba6 35. Ke3 Rxe2+ 36. Kf4 h5 37. Rc6 Bd3 38. Rc8+ Kh7 39. Kg5 Rg2 40. g4 Be2 41. Kxh5 Ba6 42. Ra8 Ra2 43. Nf7 g6+ 44. Kg5 Bc4 45. Rxa2 Bxa2 46. Ne5 e3 47. Kf4 e2 48. Nf3 Bd5 49. Ne1 Kg7 50. Ke3 Bc4 51. Kf2 g5 52. hxg5 Kg6 53. Nf3 Be6 1/2-1/2